000 00723nam a2200265Ia 4500
005 20260302114710.0
008 008 260114s9999 xx 000 0 eng d
020 _a9789361316081
037 _aTextbook
040 _aCRL
040 _beng
040 _cCRL
041 _2eng
041 _aeng
084 _qCRL
100 _aDebashish Banerji, Md. Monirul Islam, Samrat Sengupta
_91119485
245 0 _aPosthumanism and India A Critical Cartography
260 _bBloomsbury
260 _bBloomsbury India
260 _c2024
650 _aLiterary Studies
856 _uhttps://doi.org/10.5040/9789361316081?locatt=label:secondary_bloomsburyCollections
942 _cEBOOK
999 _c1683525
_d1683525